000 00447nam a2200181Ia 4500
003 0100
008 130303s9999 xx 000 0 und d
040 _cARRUPELIB
050 _aBR165.D37 1965
100 _aDavies, J.G
245 4 _aThe Early Christian Church
245 _bA History of its first five centuries
260 _aGrand Rapids, Michigan
260 _bBaker Book House Company
260 _C1965
300 _a314p
942 0 0 _01
999 _c39503
_d39503